Statistics for Past Hungarys

Click here to take the quiz!

General Stats

  • This quiz has been taken 8 times
  • The average score is 4 of 14

Answer Stats

HintAnswer% Correct
1920-1946Kingdom of Hungary
88%
1000-1867Kingdom of Hungary
88%
1989-PresentThird Hungarian Republic
75%
1918-1919First Hungarian Republic
38%
1946-1949Second Hungarian Republic
38%
1919-1919Hungarian People's Republic
25%
1949-1989Hungarian People's Republic
25%
1919-1920Hungarian Republic
25%
850-895Atelkouzou
13%
895-1000Grand Principality of Hungary
13%
750-850Levedia
13%
1849-1849Hungarian State
0%
1867-1918Lands of the Crown of Saint Stephen
0%
1919-1919Socialist Federative Republic of Councils in Hungary
0%

Score Distribution

Percentile by Number Answered

Percent of People with Each Score

Your Score History

You have not taken this quiz